Online katalóg knižníc regiónu Turca

Ľúbim ťa, Paddy! (Record no. 22491)

MARC details
000 -LEADER
fixed length control field 01411cam a2200409 a 4500
001 - CONTROL NUMBER
control field 22491
003 - CONTROL NUMBER IDENTIFIER
control field SK-KTurca
005 - DATE AND TIME OF LATEST TRANSACTION
control field 20260330142914.0
008 - FIXED-LENGTH DATA ELEMENTS--GENERAL INFORMATION
fixed length control field 240702s1997 xo jr 000 f slo
015 ## - NATIONAL BIBLIOGRAPHY NUMBER
National bibliography number SNBA1997/0701814
020 ## - INTERNATIONAL STANDARD BOOK NUMBER
International Standard Book Number 8071183849
Qualifying information (brož.)
035 ## - SYSTEM CONTROL NUMBER
System control number SNK000233553
035 ## - SYSTEM CONTROL NUMBER
System control number urn:nbn:sk:snk-amjc00
035 ## - SYSTEM CONTROL NUMBER
System control number urn:nbn:sk:snk-am003pdq
035 ## - SYSTEM CONTROL NUMBER
System control number 1B9E9C8D-7AAA-457E-81CB-25AD1D38638B
040 ## - CATALOGING SOURCE
Original cataloging agency SNK
Language of cataloging slo
Transcribing agency SNK
Description conventions AACR2
041 1# - LANGUAGE CODE
Language code of text/sound track or separate title slo
Language code of original ger
044 ## - COUNTRY OF PUBLISHING/PRODUCING ENTITY CODE
MARC country code xo
ISO country code SK
072 #7 - SUBJECT CATEGORY CODE
Subject category code 821-93
Subject category code subdivision Literatúra pre deti a mládež (beletria)
Source konspekt
072 #7 - SUBJECT CATEGORY CODE
Subject category code 821.112.2-3
Subject category code subdivision Nemecká próza, nemecky písaná
Source konspekt
080 ## - UNIVERSAL DECIMAL CLASSIFICATION NUMBER
Universal Decimal Classification number 830-3
Edition identifier 1981
080 ## - UNIVERSAL DECIMAL CLASSIFICATION NUMBER
Universal Decimal Classification number 821.112.2-31
Edition identifier 2011
080 ## - UNIVERSAL DECIMAL CLASSIFICATION NUMBER
Universal Decimal Classification number 82-93-053.4/.5
Edition identifier 2011
100 1# - MAIN ENTRY--PERSONAL NAME
Personal name Beckmann, Lena,
Dates associated with a name 1963-
Relationship aut
240 10 - UNIFORM TITLE
Uniform title I love you, Paddy!
Language of a work Slovensky
245 10 - TITLE STATEMENT
Title Ľúbim ťa, Paddy!
Remainder of title román pre fanúšikov Kelly family
Statement of responsibility, etc. Lena Beckmannová ; [z nemeckého originálu ... preložila Jana Seichertová]
260 ## - PUBLICATION, DISTRIBUTION, ETC.
Place of publication, distribution, etc. Bratislava
Name of publisher, distributor, etc. Ikar
Date of publication, distribution, etc. 1997
300 ## - PHYSICAL DESCRIPTION
Extent 124 s.
Dimensions 19 cm
500 ## - GENERAL NOTE
General note Údaj o prekl. prevzatý z rubu tit. strany
655 #7 - INDEX TERM--GENRE/FORM
Genre/form data or focus term nemecké romány
Source of term SNKPH
655 #7 - INDEX TERM--GENRE/FORM
Genre/form data or focus term literatúra pre deti a mládež
Source of term SNKPH
655 #7 - INDEX TERM--GENRE/FORM
Genre/form data or focus term spoločenské romány
Source of term SNKPH
911 ## - EQUIVALENCE OR CROSS-REFERENCE-CONFERENCE OR MEETING NAME [LOCAL, CANADA]
Meeting name or jurisdiction name as entry element KN 1997/07
Number [OBSOLETE] 01814
942 ## - ADDED ENTRY ELEMENTS (KOHA)
Source of classification or shelving scheme Dewey Decimal Classification
Koha item type Krásna literatúra pre dospelých
Suppress in OPAC No
Holdings
Stav vyradenia Strata Poškodenie Spôsob nadobudnutia Domovská knižnica Aktuálna knižnica Dátum nadobudnutia Total checkouts Čiarový kód exemplára Date last seen Typ exemplára
      Dar Obecná knižnica Horná Štubňa Obecná knižnica Horná Štubňa 30.03.2026   9788071183846 30.03.2026 Krásna literatúra pre dospelých
Projekt je podporený Slovenskou asociáciou knižníc
Prevádzkuje Turčianska knižnica Martin 2026